| 000 | 00910nam a22002057a 4500 | ||
|---|---|---|---|
| 003 | OSt | ||
| 005 | 20250915181627.0 | ||
| 008 | 240322b ||||| |||| 00| 0 eng d | ||
| 040 | _c0 | ||
| 082 | _aDPer 621.381 In821 September 2022 v. 37 n. 9 | ||
| 100 |
_aSon, Gibong. _eauthor. _955152 |
||
| 245 |
_aLight load efficiency improvement for two-channel paralleled soft-switching three-phase inverter using phase shedding control / _cGibong Son, Zhengrong Huang, and Qiang Li. |
||
| 260 |
_aNew York ; _bThe Institute of Electrical and Electronics Engineers, Inc. , _cSeptember 2022. |
||
| 300 |
_aVolume 37, pages 10200-10212 : _billustration ; _c28 cm. |
||
| 500 | _aIEEE Transitions on Power Electronics, v. 37 n. 9, pages 10200-10212, September 2022. | ||
| 700 |
_aSon, Gibong. _eauthor. _955152 |
||
| 700 |
_aHuang, Zhengrong. _eauthor. _955153 |
||
| 700 |
_aLi, Qiang. _eauthor. _955154 |
||
| 942 |
_2ddc _cPER |
||
| 999 |
_c19794 _d19794 |
||